000 00578nam a2200205Ia 4500
003 BUBTL
008 151213s9999 xx 000 0 und d
082 _bSHS
100 _aR.N.Shil ,S.C.Debnath
245 _aAn Introduction to The Theory of Statistics
_cR.N.Shil ,S.C.Debnath
250 _a3rd
260 _aDhaka
_bMinati Shil
_c2001
300 _a505p . :
_bTable ; 22cm .
_cStatistics .
650 _aStatistics
650 _aStatistics
700 _aR.N.Shil ,S.C.Debnath
856 _k0
_l0
_yDownload
942 _2ddc
_cBK
999 _c2570
_d2570